Zbrane novej generácie

Posolstvo ruského prezidenta Federálnemu zhromaždeniu Ruskej federácie v čase vrcholiacej kampane pred prezidentskými voľbami. Dôraz na blahobyt občanov, podmienky ich rozvoja a sebarealizácie. Bezpečnostné otázky, informácie o nových ruských zbraniach. Zaistenie bezpečnosti štátu. Podmorský dron. N...

ver descrição completa

Na minha lista:
Detalhes bibliográficos
Autor principal: Škvrnda, František
Formato: Capítulo de Livro
Idioma:eslovaco
Assuntos:
Tags: Adicionar Tag
Sem tags, seja o primeiro a adicionar uma tag!

MARC

LEADER 00000naa a2200000 4500
001 0242295
005 20240502073936.6
041 0 |a slo 
044 |a SK 
245 1 0 |a Zbrane novej generácie  |c František Škvrnda 
520 |a Posolstvo ruského prezidenta Federálnemu zhromaždeniu Ruskej federácie v čase vrcholiacej kampane pred prezidentskými voľbami. Dôraz na blahobyt občanov, podmienky ich rozvoja a sebarealizácie. Bezpečnostné otázky, informácie o nových ruských zbraniach. Zaistenie bezpečnosti štátu. Podmorský dron. Nočná mora USA. 
610 2 0 |a zbrane 
610 2 0 |a technika vojenská 
610 2 0 |a bezpečnosť 
610 2 0 |a obrana štátu 
610 2 0 |a prezidenti 
610 2 0 |a Rusko 
100 1 |a Škvrnda, František